<?xml version="1.0" encoding="UTF-8"?>
<record
    xmlns:xsi="http://www.w3.org/2001/XMLSchema-instance"
    xsi:schemaLocation="http://www.loc.gov/MARC21/slim http://www.loc.gov/standards/marcxml/schema/MARC21slim.xsd"
    xmlns="http://www.loc.gov/MARC21/slim">

  <leader>01296nam a2200361 a 4500</leader>
  <controlfield tag="005">20240430111441.0</controlfield>
  <controlfield tag="008">100618s2012    ag a   f |||| 001 0 spa d</controlfield>
  <datafield tag="020" ind1=" " ind2=" ">
    <subfield code="a">9789500204170</subfield>
  </datafield>
  <datafield tag="041" ind1=" " ind2=" ">
    <subfield code="a">spa</subfield>
  </datafield>
  <datafield tag="092" ind1=" " ind2=" ">
    <subfield code="c">618</subfield>
    <subfield code="l">77</subfield>
    <subfield code="s">SCH</subfield>
  </datafield>
  <datafield tag="100" ind1="1" ind2=" ">
    <subfield code="a">Schwarcz, Ricardo</subfield>
    <subfield code="9">2911</subfield>
  </datafield>
  <datafield tag="245" ind1=" " ind2=" ">
    <subfield code="a">Obstetricia /  </subfield>
    <subfield code="c">Ricardo Schwarcz</subfield>
  </datafield>
  <datafield tag="250" ind1=" " ind2=" ">
    <subfield code="a">6a ed. 8a reimp.</subfield>
  </datafield>
  <datafield tag="260" ind1=" " ind2=" ">
    <subfield code="a">Buenos Aires: </subfield>
    <subfield code="b">El Ateneo;</subfield>
    <subfield code="c">2012</subfield>
  </datafield>
  <datafield tag="300" ind1=" " ind2=" ">
    <subfield code="a">728 p.</subfield>
    <subfield code="c">26x18 cm.</subfield>
  </datafield>
  <datafield tag="500" ind1=" " ind2=" ">
    <subfield code="a">Schwarcz, R. L., Fescina, R. H. y Duverges, C. (Col.). (2012). Obstetricia. (6a ed.). Buenos Aires : El Ateneo.</subfield>
  </datafield>
  <datafield tag="653" ind1=" " ind2=" ">
    <subfield code="a">Anatom&#xED;a del aparato genital femenino</subfield>
  </datafield>
  <datafield tag="653" ind1=" " ind2=" ">
    <subfield code="a">Origen y desarrollo del embarazo</subfield>
  </datafield>
  <datafield tag="653" ind1=" " ind2=" ">
    <subfield code="a">Canal del parto y  m&#xF3;vil fetal</subfield>
  </datafield>
  <datafield tag="653" ind1=" " ind2=" ">
    <subfield code="a">Modificaciones de la anatom&#xED;a y fisiolog&#xED;a materna producidas por el embarazo</subfield>
  </datafield>
  <datafield tag="653" ind1=" " ind2=" ">
    <subfield code="a">Examen de la mujer gr&#xE1;vida</subfield>
  </datafield>
  <datafield tag="653" ind1=" " ind2=" ">
    <subfield code="a">Alto riesgo perinatal</subfield>
  </datafield>
  <datafield tag="653" ind1=" " ind2=" ">
    <subfield code="a">Control prenatal</subfield>
  </datafield>
  <datafield tag="653" ind1=" " ind2=" ">
    <subfield code="a">Embarazo patol&#xF3;gico</subfield>
  </datafield>
  <datafield tag="653" ind1=" " ind2=" ">
    <subfield code="a">Enfermedades maternas inducidas por el embarazo o que lo complican</subfield>
  </datafield>
  <datafield tag="653" ind1=" " ind2=" ">
    <subfield code="a">Inmunohematolog&#xED;a obst&#xE9;trica</subfield>
  </datafield>
  <datafield tag="653" ind1=" " ind2=" ">
    <subfield code="a">Parto normal</subfield>
  </datafield>
  <datafield tag="653" ind1=" " ind2=" ">
    <subfield code="a">Parto patol&#xF3;gico</subfield>
  </datafield>
  <datafield tag="653" ind1=" " ind2=" ">
    <subfield code="a">Operaciones obst&#xE9;tricas</subfield>
  </datafield>
  <datafield tag="700" ind1="1" ind2=" ">
    <subfield code="a">Fescina, Ricardo Horacio.</subfield>
    <subfield code="9">1047</subfield>
  </datafield>
  <datafield tag="700" ind1="1" ind2=" ">
    <subfield code="a">Duverges, Carlos</subfield>
    <subfield code="9">1048</subfield>
  </datafield>
  <datafield tag="942" ind1=" " ind2=" ">
    <subfield code="2">ddc</subfield>
    <subfield code="c">BK</subfield>
    <subfield code="0">3</subfield>
  </datafield>
  <datafield tag="999" ind1=" " ind2=" ">
    <subfield code="c">2098</subfield>
    <subfield code="d">2098</subfield>
  </datafield>
  <datafield tag="952" ind1=" " ind2=" ">
    <subfield code="0">0</subfield>
    <subfield code="1">0</subfield>
    <subfield code="2">ddc</subfield>
    <subfield code="4">0</subfield>
    <subfield code="7">0</subfield>
    <subfield code="8">NFIC</subfield>
    <subfield code="a">BFM</subfield>
    <subfield code="b">BFM</subfield>
    <subfield code="c">CR</subfield>
    <subfield code="d">2014-06-06</subfield>
    <subfield code="e">PROMED</subfield>
    <subfield code="g">380.00</subfield>
    <subfield code="l">83</subfield>
    <subfield code="m">22</subfield>
    <subfield code="o">618 77 SCH</subfield>
    <subfield code="p">3320</subfield>
    <subfield code="r">2025-03-11</subfield>
    <subfield code="s">2024-12-18</subfield>
    <subfield code="t">Ej. 8</subfield>
    <subfield code="w">2014-06-06</subfield>
    <subfield code="y">BK</subfield>
    <subfield code="z">Proyecto PROMED 3ER A&#xD1;O 2014</subfield>
  </datafield>
  <datafield tag="952" ind1=" " ind2=" ">
    <subfield code="0">0</subfield>
    <subfield code="1">0</subfield>
    <subfield code="2">ddc</subfield>
    <subfield code="4">0</subfield>
    <subfield code="7">0</subfield>
    <subfield code="8">NFIC</subfield>
    <subfield code="a">BFM</subfield>
    <subfield code="b">BFM</subfield>
    <subfield code="c">CR</subfield>
    <subfield code="d">2014-06-06</subfield>
    <subfield code="e">PROMED</subfield>
    <subfield code="g">380.00</subfield>
    <subfield code="l">99</subfield>
    <subfield code="m">22</subfield>
    <subfield code="o">618 77 SCH</subfield>
    <subfield code="p">3321</subfield>
    <subfield code="r">2024-03-11</subfield>
    <subfield code="s">2024-02-21</subfield>
    <subfield code="t">Ej. 9</subfield>
    <subfield code="w">2014-06-06</subfield>
    <subfield code="y">BK</subfield>
    <subfield code="z">Proyecto PROMED 3er a&#xF1;o 2014. Sede Tordos.</subfield>
    <subfield code="f"></subfield>
  </datafield>
  <datafield tag="952" ind1=" " ind2=" ">
    <subfield code="0">0</subfield>
    <subfield code="1">0</subfield>
    <subfield code="2">ddc</subfield>
    <subfield code="4">0</subfield>
    <subfield code="7">0</subfield>
    <subfield code="8">NFIC</subfield>
    <subfield code="a">BFM</subfield>
    <subfield code="b">BFM</subfield>
    <subfield code="c">CR</subfield>
    <subfield code="d">2014-06-06</subfield>
    <subfield code="e">PROMED</subfield>
    <subfield code="g">380.00</subfield>
    <subfield code="l">116</subfield>
    <subfield code="m">32</subfield>
    <subfield code="o">618 77 SCH</subfield>
    <subfield code="p">3322</subfield>
    <subfield code="r">2023-03-13</subfield>
    <subfield code="s">2023-03-02</subfield>
    <subfield code="t">Ej. 10</subfield>
    <subfield code="w">2014-06-06</subfield>
    <subfield code="y">BK</subfield>
    <subfield code="z">Proyecto PROMED 3er a&#xF1;o 2014. Sede Tordos.</subfield>
    <subfield code="f"></subfield>
  </datafield>
  <datafield tag="952" ind1=" " ind2=" ">
    <subfield code="0">0</subfield>
    <subfield code="1">0</subfield>
    <subfield code="2">ddc</subfield>
    <subfield code="4">0</subfield>
    <subfield code="7">0</subfield>
    <subfield code="8">NFIC</subfield>
    <subfield code="a">BFM</subfield>
    <subfield code="b">BFM</subfield>
    <subfield code="c">CR</subfield>
    <subfield code="d">2014-06-06</subfield>
    <subfield code="e">PROMED</subfield>
    <subfield code="g">380.00</subfield>
    <subfield code="l">96</subfield>
    <subfield code="m">10</subfield>
    <subfield code="o">618 77 SCH</subfield>
    <subfield code="p">3323</subfield>
    <subfield code="r">2025-09-11</subfield>
    <subfield code="s">2025-09-03</subfield>
    <subfield code="t">Ej. 11</subfield>
    <subfield code="w">2014-06-06</subfield>
    <subfield code="y">BK</subfield>
    <subfield code="z">Proyecto PROMED 3er a&#xF1;o 2014. Sede Tordos.</subfield>
    <subfield code="f"></subfield>
  </datafield>
</record>
